MDQL
is popping MORE tags! Check the
thread
!
Quizzes
Events
Quiz Creation
Community
Videos
Private Events
Remove Ads
Sign In
Join for FREE
Feedback
Dark Mode
Quiz Categories
Sports
Geography
Music
Movies
Television
Just For Fun
Miscellaneous
History
Literature
Language
Science
Gaming
Entertainment
Religion
Holiday
For Kids
Quiz Lab
Recent
Popular Today
Quiz Kudos Today
Editor Picks
Curator Picks
Quizzes by...
Day
Popularity
Type
Ratings
Length
Year
Community
Subscriptions
Recent Discussions
Orange Saloon
Badges
Playlists
Quests
Create
Leaderboards
Showdown
Live 5
Trivia Bingo
Activity
Puzzle Library
Sporcle Events
Private Events
Virtual Trivia
Globe League
Become a Host
Pub Owners
SporcleCon
Opinionation
Our Games
Videos
Blog
Mobile Apps
Partnerships
Remove Ads and Go Orange
Feedback
Gaming
Video Games
Board Games
Card Games
Pokémon
Mario
Nintendo
Minecraft
Console
Toys
Legend of Zelda
Gaming
Video Games
Board Games
Card Games
Pokémon
Mario
Nintendo
Minecraft
Console
Toys
Legend of Zelda
Random Quiz
Search Sporcle
×
Quiz Lab
Quiz Lab
Gaming
Earning
Type in answers that appear in a list
Type in answers that appear in a list
Classic
Best Score? Go Orange.
Mega Man 9 Achievements Stats
Can you name the Mega Man 9 Achievements?
By
WiiGuy19991
20m
13 Questions
16 Plays
16 Plays
16 Plays
Comments
Comments
Give Quiz Kudos
Give Quiz Kudos
-
- Ratings
hide this ad
More Info
Replay
Link that replays current quiz
Next Quiz
Link to next quiz in quiz playlist
You Got
0%
They Got
Avg Score
42%
Avg Friend Score
Upgrade to see
Score Distribution
Jump to the score distribution portion of the page
Score
0/13
Timer
20:00
0
Plays Today
Reason of earning
Achievement name
% Correct
Clear the game without getting hit
Mr. Perfect
87.5%
Clear the game without dying
Invincible
50%
Clear the game without using any Energy or Mystery tanks
No Coffee Break
50%
Beat the game once
Whomp Wily!
50%
Defeat your 1000th enemy
Destroyer
50%
Clear the game 5 times in one day
Gamer's Day
37.5%
Defeat every type of enemy
World Warrior
37.5%
Defeat all 8 bosses with the Mega Buster
Trusty Sidearm
37.5%
Defeat a boss without getting damaged
Blue Bomber
37.5%
Clear MM9 in 60 minutes or less
Jitterbug
31.3%
Clear the game without continuing
Almost Invincible
31.3%
Clear the game using the least amount of weapon energy
Conservationist
31.3%
Clear the game by defeating the fewest number of enemies possible
Peacekeeper
25%
Quiz Playlist
Details
Report
Send in Message
Add To Playlist
More Info:
Can you name all of the Mega Man 9 achievements (PSN/XBOX Live Arcade/WiiWare)?
Classic:
Type in answers that appear in a list
Last Updated: Feb 16, 2017
Quiz Scoreboard
CHALLENGE
Sign Up to Join the Scoreboard
Show All
Scores
Hide
Comments
May contain spoilers
Recently Published
1-10 Letter E Words III
by El_Dandy
Language
2m
Street Fighter Characters
by Artimus82
Gaming
60s
College Basketball Coaching Resumes
by pancakes188
Sports
9m
More to Explore
Quiz From the Vault
Featured Blog Post
Where Did the Easter Bunny Come From?
hide this ad
You Might Also Like...
Tags
Achievement
Earning
Man
mega
reason
Today's Top Quizzes in Gaming
Browse Gaming
hide this ad
Today's Top Quizzes in Earning
Browse Earning
Top Contributed Quizzes in Gaming
1
5-to-1: Consoles
2
7-to-1: Board Game Piece Blitz
3
5-to-1: Legend of Zelda
4
League of Legends Pro Players by Career/Team History
5
Destiny 2 exotic weapons by perk icons
6
Ultimate Genshin Impact Logic Puzzle (up to 4.3)
7
Quick Pick: Video Games Lost in Translation
8
Franchise by Action Figure
9
Who's on the WWE 2K24 Cover?
10
Genshin Impact Logic Puzzle Quiz
Explore More
Trending Topics
Crossword
Marvel
NBA
Kpop
Harry Potter
Anime
Disney
Puzzle
Pokémon
Song
NFL
The Office
Country
Soccer
WWE
hide this ad
More By:
WiiGuy19991
Quiz
Plays
Rating
Category
Featured
Created
Portal game songs
200
1.00
Gaming
Mar 15, 2012
007 Movies by year
194
2.57
Movies
Mar 15, 2012
Rockman game titles
38
Gaming
Mar 15, 2012
LEGO Harry Potter Achievements
25
Gaming
Mar 14, 2012
Mega Man 9 Achievements
16
Gaming
Mar 15, 2012
Go to Creator's Profile
Score Distribution
Quiz Creator Spotlight
WiiGuy19991
Follow
Send a Message
Quizzes Created
-
Created Quiz Play Count
-
More By This Creator
Popular Quizzes Today
1
Find the US States - No Outlines Minefield
2
Find the Countries of Europe - No Outlines Minefield
3
The Countries of the World
4
Find the US States
5
Risky Map Clicking: Biggest States A-Z
6
US States
7
Popular People in 1961
8
Movies - When Are They Set?
More Gaming Quizzes
Alphabetised Anagrams: Minecraft Ores
Curator's Pick
Trending Quizzes
Risky Map Clicking: Least Populous States A-Z
1-10 Letter G Words
1-10 Letter F Words
Countries of the World: 200 Million BC
Risky Map Clicking: Next State Alphabetically
Recently Updated
Beyoncé Albums
pecheneg
Leaping Animals
pecheneg
Reality TV Shows (A-Z)
bhenderson79
Rickey Henderson's Hall of Fame Teammates
pecheneg
Champions League XIs: Arsenal
pecheneg
Quick Pick: Celebrities in WWE's Hall of Fame
aduchscher
A-Z Keypad Blitz II
pecheneg
Multiple Oscar Actors
pecheneg
Mystery Phrase Blitz: Oscar 'Best Actors'
pecheneg
F. Scott Fitzgerald Novels
LTH
Trending Topics
Marvel
Kpop
Disney
Crossword
NBA
Harry Potter
Anime
Pokémon
NFL
Country
Puzzle
WWE
The Office
Song
Soccer
Your Account Isn't Verified!
In order to create a playlist on Sporcle, you need to verify the email address you used during registration. Go to your
Sporcle Settings
to finish the process.
Report this User
Report this user for behavior that violates our
Community Guidelines
.
Details:
Send Report
Go to the Sporcle.com Mobile Site →
Comments